00457nam a2200169Ia 4500008004100000040001900041041001200060082002700072100001900099245007300118260002500191300001100216650001000227651001200237700001700249850002100266131103s9999 xx 000 0 und d aLoreto College aEnglish a793.73/DICbLCBED/7434 aDickens, Doris 4aThe armada quiz and puzzleb book no. 3 cDoris Dickens & Mary Danby aLondonbArmadac1972 c 19cm. aQuize aPuzzles aDanby, Mary  aLCBED/793.73/DIC